Patagonia bonaerense : sudoeste de la provincia de Buenos Aires : partidos de Villarino y Patagones /

Guardado en:
Autor Principal: Ciarniello, Nicolás.
Formato: Libro
Idioma:Spanish
Publicado: [Bahía Blanca] : Nicolás Ciarniello, c2017.
Materias:
Etiquetas: Agregar Etiqueta
Sin Etiquetas, Sea el primero en etiquetar este registro!
LEADER 00848nam a22002175a 4500
001 EUN.eunm007071
005 20170925122258.0
008 170922s2017####ag#######b####000#0#spa#d
020 |a 9789874242624 
082 0 4 |a 982.1  |b 15 
100 1 |a Ciarniello, Nicolás. 
245 1 0 |a Patagonia bonaerense :  |b sudoeste de la provincia de Buenos Aires : partidos de Villarino y Patagones /  |c Nicolás Ciarniello. 
260 |a [Bahía Blanca] :  |b Nicolás Ciarniello,  |c c2017. 
300 |a 154 p. :  |b 1 mapa ;  |c 30 cm. 
504 |a Incluye referencias bibliográficas. 
650 7 |a Historia.  |2 unbist 
651 0 |a Villarino (Argentina : Partido) 
651 0 |a Patagones (Argentina : Partido) 
651 7 |a Sudoeste bonaerense.  |2 Catalis Autoridades 
653 |a Buenos Aires (Argentina : Provincia) 
859 |a AR-BaUNS  |b BIB. CENTRAL - Sector A  |h 982.1  |i C481-3  |p 126270/017